00500nam a2200181Ia 4500003000900000008004100009020001800050040001600068080002200084245005100106260003000157300001400187650002400201650004100225650002300266650001100289700001800300IN-BaIIA211028s9999 xx 000 0 eng d a0-444-50908-9 cIIA Library a047.1:535bPRO-42 0aProgress in opticsbvol. 42cedited by E. Wolf aAmsterdambElsevierc2001 axi, 424p. aAstronomical optics aAstronomy and astrophysics Thesaurus aOptical properties aOptics aWolf, E., ed.